00773nam a2200193 i 450000100060000000300090000600500170001500700030003200800410003508000270007608000110010310000350011424501970014926000960034630000300044260000350047261000390050785200330054614728ES-MaACL20230906150855.0t|990528s1998 sp ||||1| spa d a929 Masarnau, Santiago a267.251 aFlores Auñón, Juan Carlos.10aSemblanza biográfica, Santiago Masarnau Fernández, seglar b: fundador y primer presidente de la Sociedad de San Vicente de Paúl en España (1805-1882) / cJuan Carlos Flores Auñón. aMadrid : bOzanam, Organo de las Conferencias de San Vicente de Paúl en España, c1998. a100 p. : bil. ; c24 cm.14aMasarnau, Santiago,d1805-188227aSociedad de San Vicente de Paúl. aES-MaACLjL-21921 bR.127240